Sports Quiz

Random Sports or NHL Quiz

NHL Calder Trophy Winners Quiz Stats

 Plays Quiz Updated Jun 25, 2018

Challenge
Share
Tweet
Embed
Score 0/85 Timer 10:00
0 Plays Today
Year Player % Correct
2005-06Alexander Ovechkin
88.4%
2016-17Auston Matthews
86.4%
2006-07Evgeni Malkin
84.4%
2007-08Patrick Kane
84%
2015-16Artemi Panarin
75.2%
2013-14Nathan MacKinnon
74%
2017-18Mathew Barzal
71.3%
2014-15Aaron Ekblad
71.2%
2011-12Gabriel Landeskog
64.3%
1984-85Mario Lemieux
62.3%
1992-93Teemu Selanne
58.3%
2012-13Jonathan Huberdeau
56.9%
1994-95Peter Forsberg
54.6%
2001-02Dany Heatley
53%
1993-94Martin Brodeur
52.9%
2008-09Steve Mason
49.7%
1966-67Bobby Orr
49.2%
1991-92Pavel Bure
46.6%
1995-96Daniel Alfredsson
46%
1977-78Mike Bossy
36.9%
1988-89Brian Leetch
36.5%
2003-04Andrew Raycroft
36.3%
1999-00Scott Gomez
34.4%
1969-70Tony Esposito
33.5%
2009-10Tyler Myers
33.5%
1986-87Luc Robitaille
32.7%
1979-80Ray Bourque
31.8%
1990-91Ed Belfour
30.7%
1975-76Bryan Trottier
29.6%
Year Player % Correct
2002-03Barret Jackman
29.5%
2010-11Jeff Skinner
29.5%
2000-01Evgeni Nabokov
28.5%
1981-82Dale Hawerchuk
28.5%
1978-79Bobby Smith
28.1%
1998-99Chris Drury
27.7%
1997-98Sergei Samsonov
27.4%
1973-74Denis Potvin
26.3%
1987-88Joe Nieuwendyk
25.9%
1980-81Peter Stastny
25.3%
1996-97Bryan Berard
24.5%
1971-72Ken Dryden
22.2%
1970-71Gilbert Perreault
21%
1983-84Tom Barrasso
18.1%
1989-90Sergei Makarov
17.5%
1985-86Gary Suter
14.3%
1982-83Steve Larmer
14.3%
1960-61Dave Keon
12.3%
1950-51Terry Sawchuk
11.7%
1955-56Glenn Hall
11.5%
1957-58Frank Mahovlich
10.1%
1951-52Bernie Geoffrion
10.1%
1939-40Kilby MacDonald
8.6%
1936-37Syl Apps
8.4%
1967-68Derek Sanderson
7.7%
1974-75Eric Vail
5.9%
1976-77Willi Plett
5.7%
1953-53Gump Worsley
4.9%
1972-73Steve Vickers
4.9%
Year Player % Correct
1964-65Roger Crozier
4.7%
1946-47Howie Meeker
4.5%
1963-64Jacques Laperriere
4%
1942-43Gaye Stewart
3.9%
1968-69Danny Grant
3.8%
1965-66Brit Selby
3.8%
1958-59Ralph Backstrom
3.5%
1938-39Frank Brimsek
3.3%
1961-62Bobby Rousseau
2.9%
1948-49Pentti Lund
2.8%
1959-60Bill Hay
2.5%
1932–33Carl Voss
2.5%
1953-54Camille Henry
2.5%
1962-63Kent Douglas
2.4%
1934-35Sweeney Schriner
2.4%
1944-45Frank McCool
2.4%
1954-55Ed Litzenberger
2%
1943-44Gus Bodnar
1.9%
1935-36Mike Karakas
1.8%
1945-46Edgar Laprade
1.8%
1933-34Russ Blinco
1.6%
1956-57Larry Regan
1.6%
1940-41Johnny Quilty
1.6%
1937-38Cully Dahlstrom
1.5%
1947-48Jim McFadden
1.5%
1941-42Grant Warwick
1.4%
1949-50Jack Gelineau
1.4%

You're not logged in!

Compare scores with friends on all Sporcle quizzes.
OR
Log In

You Might Also Like...

Show Comments

Extras

Top Quizzes Today


Score Distribution

Your Account Isn't Verified!

In order to create a playlist on Sporcle, you need to verify the email address you used during registration. Go to your Sporcle Settings to finish the process.

Report this User

Report this user for behavior that violates our Community Guidelines.

Details: